Lifting properties in skew-product flows with applications to differential equations
Saved in:
| Main Author: | |
|---|---|
| Other Authors: | |
| Format: | Book |
| Language: | English |
| Published: |
Providence :
American Mathematical Society,
1977
|
| Series: | Memoirs of the American Mathematical Society ;
; 190 |
| Subjects: | |
| Tags: |
Add Tag
No Tags, Be the first to tag this record!
|
MARC
| LEADER | 00000cam a2200000 i 4500 | ||
|---|---|---|---|
| 001 | 1/48503 | ||
| 008 | 941103s1977 eng d | ||
| 020 | |a 0821821903 | ||
| 035 | |l 10043355 | ||
| 035 | |a 1993 | ||
| 040 | |a GR-MY-UA |b gre |e aacr | ||
| 041 | 0 | |a eng | |
| 082 | 0 | |a 515.35 | |
| 100 | 1 | |a Sacker, Robert J. |d 1937- | |
| 245 | 1 | 0 | |a Lifting properties in skew-product flows with applications to differential equations / |c Robert J. Sacker and George R. Sell |
| 260 | |a Providence : |b American Mathematical Society, |c 1977 | ||
| 300 | |a iv, 67 p.; |c 26 cm | ||
| 490 | 1 | |a Memoirs of the American Mathematical Society ; no. 190 | |
| 504 | |a Bibliography: p. 65-67 | ||
| 650 | 0 | 0 | |a Differential equations. |
| 650 | 0 | 0 | |a Topological dynamics. |
| 650 | 0 | 0 | |a Lifting theory. |
| 700 | 1 | |a Sell, George R. |d 1937- | |
| 830 | 0 | |a Memoirs of the American Mathematical Society ; |v ; 190 | |
| 852 | |a INST |b SAMOS |e 19941103 |h 515.35 SAC |p 005300002373 |q 005300002373 |t BK |y 0 | ||
| 909 | |a Σ |b 033362 | ||